[Event "Sportsko leto 2013"]
[Site "Paracin"]
[Date "2013.07.11"]
[Round "8.1"]
[White "Gleizerov, Evgeny"]
[Black "Damljanovic, Branko"]
[Result "1-0"]
[WhiteElo "2553"]
[BlackElo "2544"]
[PlyCount "111"]
[EventDate "2013.??.??"]

1. d4 d6 2. Nf3 Nf6 3. c4 g6 4. Nc3 Bg7 5. e4 O-O 6. Be2 c5 7. O-O Nc6 8. d5
Na5 9. Bf4 Nh5 10. Bd2 e5 11. g3 Nf6 12. Nh4 Ne8 13. Qc2 b6 14. Bd3 Bh3 15.
Rfe1 Kh8 16. b3 Nb7 17. f3 Nc7 18. Rab1 Qe7 19. Ng2 Rae8 20. Ne3 Qd8 21. Ncd1
Bd7 22. Nf2 Re7 23. Bc3 Ne8 24. f4 exf4 25. gxf4 Bxc3 26. Qxc3+ f6 27. Bf1 Ng7
28. Bg2 Ree8 29. Nd3 Kg8 30. Nf1 Bc8 31. Ng3 Qc7 32. Rb2 b5 33. cxb5 Qb6 34. a4
h5 35. Rf2 h4 36. Nf1 a6 37. bxa6 Na5 38. Nd2 Bxa6 39. Nb2 Rb8 40. Nbc4 Nxc4
41. bxc4 Qb4 42. Qc2 Qb2 43. Qd3 Qd4 44. Qxd4 cxd4 45. Bf1 Rb4 46. Rc1 Rxa4 47.
Nf3 Re8 48. Nxd4 Rxe4 49. Nb5 Bxb5 50. cxb5 Re7 51. Rb2 Ra8 52. b6 Rb8 53. Ba6
Ree8 54. b7 Nf5 55. Rc8 Kf7 56. Rbc2 1-0

[Event "Sportsko leto 2013"]
[Site "Paracin"]
[Date "2013.07.11"]
[Round "8.2"]
[White "Ulibin, Mikhail"]
[Black "Lajthajm, Borko"]
[Result "1/2-1/2"]
[WhiteElo "2529"]
[BlackElo "2477"]
[PlyCount "143"]
[EventDate "2013.??.??"]

1. d4 d5 2. c4 c6 3. Nf3 Nf6 4. Nc3 e6 5. g3 Nbd7 6. Bg2 dxc4 7. O-O Bb4 8. Qc2
h6 9. Rd1 O-O 10. Ne5 Nxe5 11. dxe5 Nd7 12. Ne4 Qa5 13. f4 b5 14. Nd6 Qb6+ 15.
Kh1 Bb7 16. a4 a6 17. axb5 axb5 18. Rxa8 Bxa8 19. Nxc4 bxc4 20. Rxd7 Qf2 21.
Rd1 c5 22. Bxa8 Rxa8 23. Qxc4 Be1 24. Be3 Qxe3 25. Rxe1 Rb8 26. Rd1 Rxb2 27.
Rd8+ Kh7 28. Qd3+ Qxd3 29. exd3 Rd2 30. Rc8 Rxd3 31. Rxc5 g5 32. Kg2 Rd2+ 33.
Kh3 Kg6 34. fxg5 Kxg5 35. Rc7 Rf2 36. Ra7 h5 37. Rb7 Rf5 38. Kg2 Kg6 39. Rb5 f6
40. h3 fxe5 41. g4 Rg5 42. Kg3 Kf6 43. Rb4 Rg8 44. Re4 hxg4 45. hxg4 Rd8 46.
Kf3 Rd4 47. Ke3 Rd1 48. Ke2 Ra1 49. Kf2 Ra5 50. Ke3 Ke7 51. Rb4 Ra1 52. Ke4
Re1+ 53. Kf3 Kd6 54. Rb6+ Kd5 55. Rb5+ Kc4 56. Rb6 Kd5 57. Rb5+ Kd4 58. Rb4+
Kc5 59. Ra4 Rf1+ 60. Ke3 Kd6 61. Rb4 Ke7 62. Ra4 Kf6 63. Re4 Ra1 64. Kf3 Ra3+
65. Kf2 Ra5 66. Kf3 Ke7 67. Rb4 Ra3+ 68. Ke4 Kf6 69. g5+ Kxg5 70. Kxe5 Re3+ 71.
Re4 Rxe4+ 72. Kxe4 1/2-1/2

[Event "Sportsko leto 2013"]
[Site "Paracin"]
[Date "2013.07.11"]
[Round "8.3"]
[White "Miladinovic, Igor"]
[Black "Kosic, Dragan"]
[Result "1-0"]
[WhiteElo "2558"]
[BlackElo "2490"]
[PlyCount "81"]
[EventDate "2013.??.??"]

1. d4 e6 2. e4 d5 3. Nc3 dxe4 4. Nxe4 Nd7 5. Nf3 Ngf6 6. Nxf6+ Nxf6 7. Bd3 c5
8. dxc5 Bxc5 9. Qe2 Qa5+ 10. c3 Be7 11. O-O O-O 12. Bg5 h6 13. Bf4 Bd7 14. Be5
Rfd8 15. a4 Be8 16. b4 Qb6 17. a5 Qc6 18. Nd4 Qc8 19. a6 b6 20. Rac1 Nd5 21.
Be4 b5 22. Nxb5 Qxa6 23. c4 Bxb5 24. cxb5 Qa3 25. Bxd5 Rxd5 26. b6 Rd7 27. Rc7
Rxc7 28. bxc7 Qa4 29. Qd3 a6 30. Rc1 Rc8 31. Rd1 f6 32. Qd7 Qxd7 33. Rxd7 fxe5
34. Rxe7 Kh7 35. f3 Kg6 36. Kf2 Kf6 37. Rd7 e4 38. fxe4 Ke5 39. Ke3 g5 40. g4
Kf6 41. Kd4 1-0

[Event "Sportsko leto 2013"]
[Site "Paracin"]
[Date "2013.07.11"]
[Round "8.4"]
[White "Cioara, Andrei-Nestor"]
[Black "Atalik, Suat"]
[Result "0-1"]
[WhiteElo "2465"]
[BlackElo "2568"]
[PlyCount "54"]
[EventDate "2013.??.??"]

1. b3 d5 2. Nf3 Bg4 3. e3 e6 4. Bb2 Nd7 5. c4 c6 6. cxd5 exd5 7. Be2 Bxf3 8.
Bxf3 Ngf6 9. d3 Bb4+ 10. Nd2 a5 11. a3 Bd6 12. O-O O-O 13. e4 Re8 14. Qc2 Qe7
15. Rfe1 dxe4 16. Nc4 exd3 17. Qc3 Qf8 18. Qxd3 Bc7 19. Qf5 Qc5 20. Qh3 a4 21.
Bg4 Ne5 22. Be2 axb3 23. Qxb3 Neg4 24. Qf3 Bxh2+ 25. Kh1 Bc7 26. Kg1 Ne4 27.
Ne3 Bh2+ 0-1

[Event "Sportsko leto 2013"]
[Site "Paracin"]
[Date "2013.07.11"]
[Round "8.5"]
[White "Drenchev, Petar"]
[Black "Nestorovic, Lazar"]
[Result "1-0"]
[WhiteElo "2483"]
[BlackElo "2394"]
[PlyCount "115"]
[EventDate "2013.??.??"]

1. d4 d5 2. c4 c6 3. Nf3 Nf6 4. Nc3 Qb6 5. e3 Bf5 6. Nh4 Bg6 7. Bd2 e6 8. Be2
Nbd7 9. Nxg6 hxg6 10. Qc2 Bb4 11. O-O-O dxc4 12. Bxc4 Nd5 13. e4 Nxc3 14. Bxc3
Bxc3 15. Qxc3 Nf6 16. e5 Nd7 17. f4 Qd8 18. Kb1 Nb6 19. Bb3 Nd5 20. Qf3 Ne7 21.
g4 Qd7 22. h4 O-O-O 23. Bc2 Kb8 24. Rh3 Qd5 25. Be4 Qc4 26. Qf2 Rd7 27. Rc3 Qb4
28. Rb3 Qc4 29. Rc3 Qb4 30. a3 Qb6 31. Ka2 Rhd8 32. Rb3 Qc7 33. Rbd3 Nd5 34. f5
gxf5 35. gxf5 exf5 36. Bxf5 Re7 37. Be4 Qd7 38. Ka1 Qg4 39. Bf5 Qh5 40. Rg1 f6
41. exf6 Nxf6 42. Rg5 Qh6 43. Re3 Rf7 44. Re6 Ka8 45. Kb1 Qh8 46. Qf4 Qf8 47.
Qe3 Rfd7 48. Bc2 Rxd4 49. Re7 Ng4 50. Qe2 Rd2 51. Qe1 Nf2 52. Rexg7 Qf6 53. Qe7
Qxe7 54. Rxe7 R2d5 55. Rf7 Rd2 56. Rg2 Rxc2 57. Kxc2 Nd3 58. Rd2 1-0

[Event "Sportsko leto 2013"]
[Site "Paracin"]
[Date "2013.07.11"]
[Round "8.6"]
[White "Tosic, Srecko"]
[Black "Mista, Alexander"]
[Result "0-1"]
[WhiteElo "2389"]
[BlackElo "2579"]
[PlyCount "170"]
[EventDate "2013.??.??"]

1. e4 g6 2. d4 Bg7 3. Nf3 c6 4. Nc3 d6 5. h3 b5 6. Bd3 Qc7 7. O-O Nd7 8. Re1 e5
9. dxe5 dxe5 10. Be3 Ngf6 11. a4 b4 12. Nb1 c5 13. Nbd2 Bb7 14. Nc4 O-O 15. Bc1
Rad8 16. Qe2 Rfe8 17. c3 bxc3 18. bxc3 Nf8 19. Rb1 Nh5 20. Qc2 Bc6 21. Bf1 h6
22. Ba3 Ne6 23. Ne3 Nf6 24. Nc4 Nd7 25. Ne3 Nb6 26. a5 Nc8 27. Nc4 Nd6 28. Nfd2
Nb5 29. Bc1 a6 30. Nb6 Qe7 31. Ndc4 Nbc7 32. Be3 Qf8 33. f3 h5 34. Rbd1 Nb5 35.
Bf2 Rxd1 36. Rxd1 Rd8 37. Rxd8 Nxd8 38. Ne3 Nb7 39. Nec4 Qd8 40. Nd2 Bf8 41.
Nbc4 f6 42. Nb3 Be8 43. Be3 Bf7 44. Qc1 Kh7 45. Qa1 Qc7 46. Kh1 Be6 47. Bf2 Qf7
48. Nbd2 Bh6 49. Be3 Bxe3 50. Nxe3 N7d6 51. c4 Nd4 52. Nd5 f5 53. Bd3 f4 54.
Qa3 Qa7 55. Qa4 Kg7 56. Nb6 Qe7 57. Qd1 Nb7 58. Nd5 Qh4 59. Nc7 Bxh3 60. gxh3
Qxh3+ 61. Kg1 Qg3+ 62. Kh1 Nxa5 63. Nf1 Qh3+ 64. Nh2 Qc8 65. Nd5 Nac6 66. Qb1
a5 67. Bf1 Nb4 68. Qa1 Ndc6 69. Qa4 g5 70. Qb5 g4 71. fxg4 hxg4 72. Qxc5 g3 73.
Nf3 Qf8 74. Qb6 Qd6 75. c5 Nxd5 76. exd5 Qxd5 77. Qc7+ Kf6 78. Kg2 Qxc5 79. Kh3
Qd5 80. Bg2 Qe6+ 81. Kh4 Ne7 82. Ng5 Nf5+ 83. Kg4 Nh6+ 84. Kf3 Qg4+ 85. Ke4
Qf5+ 0-1

[Event "Sportsko leto 2013"]
[Site "Paracin"]
[Date "2013.07.11"]
[Round "8.7"]
[White "Olszewski, Michal"]
[Black "Nestorovic, Dejan"]
[Result "1-0"]
[WhiteElo "2551"]
[BlackElo "2411"]
[PlyCount "55"]
[EventDate "2013.??.??"]

1. e4 c5 2. Nf3 e6 3. d4 cxd4 4. Nxd4 Bc5 5. Nc3 Qb6 6. Na4 Qa5+ 7. c3 Bxd4 8.
Qxd4 Nf6 9. Nc5 Nc6 10. Qd6 b6 11. Nb3 Qa4 12. f3 Ba6 13. Bxa6 Qxa6 14. Bg5 Qb5
15. Bxf6 gxf6 16. O-O-O Ne5 17. f4 Nc4 18. Qd4 Ke7 19. e5 fxe5 20. fxe5 Nxe5
21. Rhf1 f6 22. Qd6+ Kf7 23. Rf2 Rhf8 24. a4 Qxb3 25. Qxe5 Qxa4 26. Rd4 Qa1+
27. Kc2 Ke8 28. Rxf6 1-0

[Event "Sportsko leto 2013"]
[Site "Paracin"]
[Date "2013.07.11"]
[Round "8.8"]
[White "Savic, Miodrag R"]
[Black "Tosic, Miroslav"]
[Result "1-0"]
[WhiteElo "2529"]
[BlackElo "2421"]
[PlyCount "97"]
[EventDate "2013.??.??"]

1. e4 e5 2. Nf3 Nc6 3. Bb5 a6 4. Ba4 Nf6 5. O-O Be7 6. Re1 b5 7. Bb3 d6 8. c3
O-O 9. h3 Na5 10. Bc2 c5 11. d4 Qc7 12. Nbd2 cxd4 13. cxd4 Nc6 14. Nb3 a5 15.
Be3 a4 16. Nbd2 Bd7 17. Rc1 Qb7 18. a3 Rac8 19. Qe2 Rfe8 20. Bd3 Nxd4 21. Nxd4
Rxc1 22. Rxc1 exd4 23. Bxd4 Bd8 24. Qf3 Bc6 25. Qg3 Re6 26. Bb1 h6 27. Qc3 Bd7
28. Qd3 Bc6 29. Qc2 Bd7 30. Qc3 d5 31. Qg3 dxe4 32. Ba2 Rc6 33. Re1 Nh5 34. Qe5
Be6 35. Bxe6 Rxe6 36. Qxh5 Bg5 37. Nf1 f5 38. Bc3 Kh7 39. Qd1 Rg6 40. Qd4 e3
41. f3 f4 42. Re2 Bh4 43. Qxf4 Bf2+ 44. Rxf2 exf2+ 45. Kxf2 Qd7 46. Qe4 Qd6 47.
Ne3 Qg3+ 48. Kf1 Qg5 49. h4 1-0

[Event "Sportsko leto 2013"]
[Site "Paracin"]
[Date "2013.07.11"]
[Round "8.9"]
[White "Kasparov, Sergey"]
[Black "Arsovic, Zoran"]
[Result "1/2-1/2"]
[WhiteElo "2470"]
[BlackElo "2417"]
[PlyCount "117"]
[EventDate "2013.??.??"]

1. e4 c5 2. Nf3 d6 3. d4 cxd4 4. Nxd4 Nf6 5. f3 Nc6 6. c4 Qb6 7. Nc2 e6 8. Nc3
Be7 9. Bd3 O-O 10. Be3 Qc7 11. O-O b6 12. Be2 Bb7 13. Nd4 Rac8 14. Rc1 Qb8 15.
Nxc6 Bxc6 16. Bd4 a6 17. Qb3 Nd7 18. Rfd1 Rfe8 19. Be3 h6 20. a3 Ba8 21. Bf1
Bf6 22. Bf4 Ne5 23. Bg3 Be7 24. Bf2 Rc6 25. Na2 Qb7 26. Nb4 Rcc8 27. Qa4 a5 28.
Nd3 Nxd3 29. Bxd3 Bg5 30. Rc3 Qc7 31. Qc2 Bc6 32. Bf1 Bf4 33. Qd3 a4 34. Be3
Be5 35. Bd4 Bxd4+ 36. Qxd4 Rcd8 37. Qf2 e5 38. Rb1 Bd7 39. b4 Be6 40. Rbc1 Rc8
41. Qe3 Qb8 42. g3 Rc6 43. Kg2 Rd8 44. Be2 Rdc8 45. Qd2 Kh8 46. Qd3 Qc7 47. Qd1
Ra8 48. Qc2 Qa7 49. Bd1 Qc7 50. Qd3 Qe7 51. Qe3 Qc7 52. Qd3 Qe7 53. Qd2 Qc7 54.
Be2 Rc8 55. Qd1 Ra8 56. Bd3 Kg8 57. Qe2 Qe7 58. Qe3 Qc7 59. Be2 1/2-1/2

[Event "Sportsko leto 2013"]
[Site "Paracin"]
[Date "2013.07.11"]
[Round "8.10"]
[White "Tomic, Bosko"]
[Black "Bogdanovski, Vlatko"]
[Result "1-0"]
[WhiteElo "2425"]
[BlackElo "2435"]
[PlyCount "69"]
[EventDate "2013.??.??"]

1. e4 c6 2. d4 d5 3. Nd2 dxe4 4. Nxe4 Bf5 5. Ng3 Bg6 6. h4 h6 7. h5 Bh7 8. Nf3
Nd7 9. Bd3 Bxd3 10. Qxd3 e6 11. Bd2 Ngf6 12. O-O-O Be7 13. Kb1 O-O 14. Qe2 c5
15. dxc5 Bxc5 16. Ne4 Qc7 17. Nxf6+ Nxf6 18. Ne5 Rfd8 19. g4 Rac8 20. Bc1 Rd5
21. Nd3 Bd6 22. Rhg1 Nh7 23. f4 Be7 24. Ne5 Rxd1 25. Rxd1 Rd8 26. Rxd8+ Qxd8
27. Qe4 Qd5 28. Qa4 Nf6 29. Qxa7 Nd7 30. a4 Nxe5 31. Qb8+ Kh7 32. Qxe5 Qg2 33.
g5 hxg5 34. fxg5 Qg4 35. a5 1-0

[Event "Sportsko leto 2013"]
[Site "Paracin"]
[Date "2013.07.11"]
[Round "8.11"]
[White "Brankovic, Dejan"]
[Black "Kuzmicz, Krystian"]
[Result "1/2-1/2"]
[WhiteElo "2359"]
[BlackElo "2470"]
[PlyCount "41"]
[EventDate "2013.??.??"]

1. e4 g6 2. d4 Bg7 3. Nf3 c6 4. h3 d6 5. Be3 Qc7 6. c4 Nd7 7. Nc3 Ngf6 8. g3
O-O 9. Bg2 e5 10. O-O exd4 11. Nxd4 Re8 12. Qc2 a5 13. b3 Nc5 14. Rad1 Bd7 15.
Bf4 Nh5 16. Bc1 Rad8 17. g4 Nf6 18. Bf4 Bc8 19. Nde2 Ne6 20. Bg3 h5 21. Rxd6
1/2-1/2

[Event "Sportsko leto 2013"]
[Site "Paracin, hotel "]
[Date "2013.07.11"]
[Round "8.15"]
[White "Atalik, Ekaterina"]
[Black "Dinic, Dragan"]
[Result "1-0"]
[WhiteElo "2430"]
[BlackElo "2311"]
[PlyCount "75"]
[EventDate "2013.07.05"]

1. d4 d5 2. c4 e6 3. Nc3 c5 4. cxd5 cxd4 5. Qa4+ Bd7 6. Qxd4 exd5 7. Qxd5 Nc6
8. Nf3 Nf6 9. Qb3 Bc5 10. e3 Qe7 11. Bd2 O-O-O 12. Rc1 Kb8 13. Be2 g5 14. Na4
Ne4 15. Nxc5 Nxc5 16. Qa3 Ne4 17. Qxe7 Nxe7 18. Bc3 Nxc3 19. Rxc3 g4 20. Nd4
Nc6 21. O-O Nxd4 22. exd4 Be6 23. Rd1 Rd6 24. Bc4 Bxc4 25. Rxc4 Re8 26. Kf1 Re4
27. Re1 Rde6 28. Rxe4 Rxe4 29. b3 h5 30. f3 gxf3 31. gxf3 Rf4 32. Kf2 b5 33.
Rc5 a6 34. Ke3 Rh4 35. Rc2 a5 36. d5 a4 37. d6 axb3 38. axb3 1-0

[Event "Sportsko leto 2013"]
[Site "Paracin, hotel "]
[Date "2013.07.11"]
[Round "8.16"]
[White "Pantelic, Sasa"]
[Black "Abramovic, Bosko"]
[Result "1/2-1/2"]
[WhiteElo "2331"]
[BlackElo "2427"]
[PlyCount "137"]
[EventDate "2013.07.05"]

1. d4 Nf6 2. Nf3 d6 3. Bg5 Nbd7 4. c4 e5 5. Nc3 Be7 6. e3 Ng8 7. Bxe7 Nxe7 8.
Be2 O-O 9. O-O Ng6 10. Qb3 c6 11. Qa3 Nf6 12. dxe5 dxe5 13. Rfd1 Qc7 14. Qd6
Qxd6 15. Rxd6 Bg4 16. h3 Bxf3 17. Bxf3 Rfd8 18. Rad1 Rxd6 19. Rxd6 Kf8 20. b4
Ke7 21. Rd2 Nf8 22. Ne4 Nxe4 23. Bxe4 g6 24. g4 Ne6 25. Kg2 a5 26. a3 axb4 27.
axb4 Ra4 28. Rb2 h6 29. h4 Nc7 30. Bc2 Ra3 31. Bd1 Rc3 32. Be2 Ne6 33. b5 Nc5
34. bxc6 bxc6 35. Ra2 Rb3 36. Ra7+ Rb7 37. Ra8 Rb2 38. Kf1 e4 39. Ra7+ Rb7 40.
Rxb7+ Nxb7 41. Ke1 Kd6 42. Kd2 Nd8 43. Kc3 Ne6 44. Bd1 c5 45. Ba4 Ng7 46. Kd2
f5 47. Bd1 Ke5 48. gxf5 Nxf5 49. h5 g5 50. Bg4 Nd6 51. Kc3 Ne8 52. Kb3 Nf6 53.
Be2 Kd6 54. Ka4 g4 55. Kb5 Nxh5 56. Bxg4 Nf6 57. Bh3 h5 58. Bf5 h4 59. Kb6 Nd7+
60. Kb5 Ne5 61. Bxe4 Ng4 62. f4 Nxe3 63. f5 Ng4 64. Bf3 Nf6 65. Bg2 Nh5 66. Bf3
Nf6 67. Bg2 Nd7 68. Bf1 Nf6 69. Bg2 1/2-1/2

[Event "Sportsko leto 2013"]
[Site "Paracin, hotel "]
[Date "2013.07.11"]
[Round "8.17"]
[White "Popovic, Aleksandar M"]
[Black "Maksimovic, Branimir"]
[Result "1-0"]
[WhiteElo "2278"]
[BlackElo "2423"]
[PlyCount "83"]
[EventDate "2013.07.05"]

1. g3 e5 2. Bg2 d5 3. d3 c5 4. Nf3 Nc6 5. O-O Bd6 6. e4 d4 7. Nbd2 Nge7 8. Nc4
Bc7 9. a4 f6 10. c3 Be6 11. cxd4 cxd4 12. Bd2 a6 13. Nh4 O-O 14. f4 b5 15. Na3
Rb8 16. axb5 axb5 17. f5 Bf7 18. g4 Ba5 19. Bc1 Nc8 20. Nf3 Nd6 21. g5 Kh8 22.
g6 hxg6 23. Nh4 gxf5 24. exf5 Ne7 25. Ng6+ Kg8 26. Qh5 Bb3 27. Nb1 Ndxf5 28.
Nxf8 Ne3 29. Ng6 Nxg6 30. Qxg6 Bf7 31. Qg3 Rc8 32. Bxe3 dxe3 33. Rxa5 Qxa5 34.
Qxe3 Rc2 35. Nc3 Rxb2 36. Rc1 Qb4 37. Nd1 Rxg2+ 38. Kxg2 Bd5+ 39. Kf1 Qg4 40.
Nf2 Bg2+ 41. Kg1 Qg6 42. Qg3 1-0

[Event "Sportsko leto 2013"]
[Site "Paracin, hotel "]
[Date "2013.07.11"]
[Round "8.18"]
[White "Hagesather, Ellen"]
[Black "Nenezic, Marko"]
[Result "1/2-1/2"]
[WhiteElo "2210"]
[BlackElo "2391"]
[PlyCount "88"]
[EventDate "2013.07.05"]

1. c4 g6 2. g3 Bg7 3. Bg2 Nf6 4. Nc3 O-O 5. Nf3 d6 6. d4 Nc6 7. O-O a6 8. Re1
Rb8 9. a4 a5 10. h3 Nd7 11. e4 e5 12. Be3 exd4 13. Nxd4 Nb4 14. Nd5 Nc5 15.
Nxb4 axb4 16. b3 Re8 17. Qc2 Qe7 18. Rad1 Bd7 19. Nb5 Bxb5 20. cxb5 Bc3 21. Re2
Qe6 22. Bxc5 dxc5 23. e5 Red8 24. Kh2 b6 25. f4 c4 26. bxc4 Qxc4 27. Re4 Qe6
28. Bf1 Qe7 29. Bc4 Rxd1 30. Qxd1 Rd8 31. Qf3 Qc5 32. e6 fxe6 33. Bxe6+ Kg7 34.
Bb3 Rd2+ 35. Re2 Qd4 36. Rxd2 Qxd2+ 37. Qg2 Qe3 38. h4 Bd4 39. Qd5 Qf2+ 40. Kh3
Qf1+ 41. Qg2 Qe1 42. Qd5 Qf1+ 43. Qg2 Qe1 44. Qd5 Qf1+ 1/2-1/2

[Event "Sportsko leto 2013"]
[Site "Paracin, hotel "]
[Date "2013.07.11"]
[Round "8.19"]
[White "Ratkovic, Milovan"]
[Black "Cvetkovic, Srdjan"]
[Result "1-0"]
[WhiteElo "2315"]
[BlackElo "2385"]
[PlyCount "65"]
[EventDate "2013.07.05"]

1. d4 Nf6 2. Nf3 d5 3. e3 e6 4. Bd3 Be7 5. O-O O-O 6. b3 b6 7. Bb2 Bb7 8. Ne5
Nc6 9. Nd2 Nxe5 10. dxe5 Ne4 11. Bxe4 dxe4 12. Qe2 Qd5 13. Rfd1 Qc6 14. Nf1
Rfd8 15. Ng3 g6 16. Rd4 Rd5 17. c4 Rxe5 18. Qd2 Re8 19. b4 Bc8 20. Rd1 f6 21.
b5 Qa8 22. Qc2 a6 23. R4d2 Rg5 24. Qxe4 Qxe4 25. Nxe4 Rf5 26. g4 Rf3 27. Kg2
Bb7 28. Kxf3 f5 29. Ke2 fxe4 30. Rd7 axb5 31. Rxc7 Ba8 32. Rdd7 Bf8 33. Rxh7
1-0

[Event "Sportsko leto 2013"]
[Site "Paracin, hotel "]
[Date "2013.07.11"]
[Round "8.20"]
[White "Radovic, Luka"]
[Black "Zlatanovic, Boroljub"]
[Result "0-1"]
[WhiteElo "2065"]
[BlackElo "2416"]
[PlyCount "86"]
[EventDate "2013.07.05"]

1. g3 e5 2. Bg2 Nc6 3. c4 h5 4. Nc3 h4 5. e3 Nf6 6. Nge2 d6 7. d4 Bf5 8. e4 Bd7
9. d5 Ne7 10. Bg5 Ng6 11. Qd2 Be7 12. f4 hxg3 13. hxg3 Rxh1+ 14. Bxh1 exf4 15.
gxf4 Nh5 16. Bf3 Bxg5 17. Bxh5 Bxf4 18. Nxf4 Qh4+ 19. Qf2 Qxf2+ 20. Kxf2 Nxf4
21. Rh1 Nd3+ 22. Ke3 Ne5 23. Be2 Ke7 24. b4 a5 25. b5 b6 26. Kf4 Ng6+ 27. Kg5
Rh8 28. Rxh8 Nxh8 29. Nd1 Ng6 30. Ne3 Ne5 31. a3 f6+ 32. Kf4 g6 33. Bd1 Kf7 34.
Bc2 Kg7 35. Bb3 Kh6 36. Bd1 Nd3+ 37. Kg3 Kg5 38. Be2 Ne5 39. Ng2 f5 40. exf5
Kxf5 41. Nf4 Kg5 42. Bf1 Bf5 43. Be2 Kf6 0-1

[Event "Sportsko leto 2013"]
[Site "Paracin, hotel "]
[Date "2013.07.11"]
[Round "8.21"]
[White "Burovic, Ismet"]
[Black "Budimir, Boris"]
[Result "1-0"]
[WhiteElo "2361"]
[BlackElo "2253"]
[PlyCount "69"]
[EventDate "2013.07.05"]

1. e4 c5 2. d3 Nc6 3. f4 g6 4. Nf3 Bg7 5. g3 e6 6. Bg2 Nge7 7. O-O O-O 8. c3 d6
9. Be3 b6 10. Bf2 Bb7 11. Nbd2 Qd7 12. Re1 Rae8 13. a3 e5 14. Nc4 exf4 15. gxf4
d5 16. Ncd2 dxe4 17. dxe4 Qg4 18. Bg3 Rd8 19. Qe2 Bh6 20. Nf1 Rfe8 21. Ne3 Qe6
22. Nh4 Nb8 23. f5 Bxe3+ 24. Qxe3 Nxf5 25. exf5 Qxe3+ 26. Rxe3 Rxe3 27. Bxb7
Red3 28. Kf1 Rd2 29. Rb1 c4 30. Nf3 R2d7 31. Be4 Na6 32. Nd4 g5 33. Bc6 Rxd4
34. cxd4 Rxd4 35. Be5 1-0

[Event "Sportsko leto 2013"]
[Site "Paracin, hotel "]
[Date "2013.07.11"]
[Round "8.22"]
[White "Vucinic, Gojko"]
[Black "Carnic, Srdjan"]
[Result "1/2-1/2"]
[WhiteElo "2252"]
[BlackElo "2341"]
[PlyCount "39"]
[EventDate "2013.07.05"]

1. e4 c5 2. Nf3 d6 3. d4 cxd4 4. Nxd4 Nf6 5. Nc3 g6 6. Be3 Bg7 7. f3 O-O 8. Qd2
Nc6 9. O-O-O d5 10. Qe1 e5 11. Nxc6 bxc6 12. exd5 Nxd5 13. Bc4 Be6 14. Bc5 Qg5+
15. Kb1 Nxc3+ 16. Qxc3 e4 17. Bd4 Bxd4 18. Qxd4 Bxc4 19. Qxc4 exf3 20. gxf3
1/2-1/2

[Event "Sportsko leto 2013"]
[Site "Paracin, hotel "]
[Date "2013.07.11"]
[Round "8.23"]
[White "Cvetanovic, Uros"]
[Black "Irizanin, Radoje"]
[Result "1/2-1/2"]
[WhiteElo "2249"]
[BlackElo "2333"]
[PlyCount "39"]
[EventDate "2013.07.05"]

1. e4 c5 2. Nf3 Nc6 3. d4 cxd4 4. Nxd4 g6 5. Nc3 Bg7 6. Be3 Nf6 7. Bc4 Qa5 8.
f3 Qb4 9. Ndb5 O-O 10. Bb3 d6 11. Nc7 Rb8 12. Qd2 Bd7 13. N7d5 Nxd5 14. exd5
Nd4 15. Rd1 Nxb3 16. axb3 Rbc8 17. Bd4 Bxd4 18. Qxd4 Qxd4 19. Rxd4 g5 20. Kd2
1/2-1/2

[Event "Sportsko leto 2013"]
[Site "Paracin, hotel "]
[Date "2013.07.11"]
[Round "8.24"]
[White "Radovanovic, Nikola"]
[Black "Ionescu, Doru-Alexandru"]
[Result "1-0"]
[WhiteElo "2249"]
[BlackElo "2330"]
[PlyCount "93"]
[EventDate "2013.07.05"]

1. d4 d5 2. c4 e6 3. Nc3 c5 4. cxd5 cxd4 5. Qxd4 Nc6 6. Qd1 exd5 7. e3 Nf6 8.
Nf3 Bg4 9. Be2 Bc5 10. O-O O-O 11. a3 Rc8 12. b4 Bd6 13. Bb2 Bb8 14. Nb5 Ne4
15. Nbd4 Re8 16. Rc1 Qd6 17. g3 Qh6 18. Nh4 Bxe2 19. Qxe2 Nxd4 20. Bxd4 Qe6 21.
Qh5 f6 22. Rfd1 Rc4 23. Nf5 g6 24. Nh6+ Kg7 25. Qh4 Nd2 26. Kg2 Qe4+ 27. Qxe4
Nxe4 28. Rxc4 dxc4 29. f3 Kxh6 30. fxe4 Kg7 31. Bc3 Kf7 32. Rd4 b5 33. Rd5 a6
34. Kf3 Re7 35. Rd8 Rb7 36. Rc8 Bc7 37. Ra8 Rb6 38. Ra7 Rc6 39. e5 f5 40. e4
Ke6 41. exf5+ Kxf5 42. g4+ Ke6 43. Ke4 h5 44. g5 h4 45. h3 Kd7 46. Kd5 Rb6 47.
Bd4 1-0

[Event "Sportsko leto 2013"]
[Site "Paracin, hotel "]
[Date "2013.07.11"]
[Round "8.25"]
[White "Dimic, Pavle"]
[Black "Mladenovic, Stefan"]
[Result "1-0"]
[WhiteElo "2218"]
[BlackElo "2307"]
[PlyCount "83"]
[EventDate "2013.07.05"]

1. d4 Nf6 2. Nf3 e6 3. c4 Nc6 4. a3 d6 5. Nc3 g6 6. g3 Bg7 7. Bg2 O-O 8. O-O
Re8 9. e4 Qe7 10. h3 e5 11. d5 Nb8 12. Ne1 Nbd7 13. b4 Nb6 14. Qb3 a5 15. Rb1
axb4 16. axb4 Bd7 17. Nd3 Na4 18. Ne2 b5 19. Be3 bxc4 20. Qxc4 Reb8 21. Rfc1
Bb5 22. Qc2 Nd7 23. Nb2 Ndb6 24. Nxa4 Nxa4 25. Nc3 Nxc3 26. Qxc3 Rb7 27. Bf1
Bxf1 28. Kxf1 f5 29. exf5 gxf5 30. Qd3 Qf7 31. f4 e4 32. Qd2 Ra3 33. Kf2 Rb5
34. Qc2 Qxd5 35. Qxc7 h6 36. Qc4 Qxc4 37. Rxc4 d5 38. Rc8+ Kh7 39. Rc7 Rc3 40.
Rxg7+ Kxg7 41. Bd4+ Kf7 42. Bxc3 1-0

[Event "Sportsko leto 2013"]
[Site "Paracin, hotel "]
[Date "2013.07.11"]
[Round "8.26"]
[White "Andersen, Alf R"]
[Black "Todic, Zoran"]
[Result "1-0"]
[WhiteElo "2202"]
[BlackElo "2275"]
[PlyCount "79"]
[EventDate "2013.07.05"]

1. e4 e5 2. f4 d6 3. Nf3 Bg4 4. Bc4 Nd7 5. Nc3 c6 6. O-O Ngf6 7. Bb3 Qc7 8. d3
Nc5 9. Be3 Ne6 10. f5 Nc5 11. h3 Bxf3 12. Qxf3 h5 13. Bc4 b5 14. b4 Ncd7 15.
Bb3 a5 16. a3 Be7 17. Ne2 Qb7 18. g4 hxg4 19. hxg4 Nh7 20. Kg2 Ng5 21. Qf2 Bf6
22. Rh1 Rxh1 23. Rxh1 axb4 24. axb4 Nf8 25. Rh8 Qe7 26. Ng3 Ngh7 27. Nh5 Kd7
28. Rg8 Bh4 29. Qd2 Ra1 30. Rxg7 Be1 31. f6 Nxf6 32. Qe2 Ne6 33. Bxe6+ Qxe6 34.
Qf3 Bh4 35. g5 Ng4 36. Rxf7+ Kd8 37. Bb6+ Kc8 38. Rc7+ Kd8 39. Qf8+ Qe8 40.
Re7+ 1-0

[Event "Sportsko leto 2013"]
[Site "Paracin, hotel "]
[Date "2013.07.11"]
[Round "8.27"]
[White "Zajic, Milan"]
[Black "Todorovic, Nenad I"]
[Result "1-0"]
[WhiteElo "2272"]
[BlackElo "2130"]
[PlyCount "79"]
[EventDate "2013.07.05"]

1. c4 c5 2. g3 Nc6 3. Bg2 g6 4. e3 Bg7 5. Ne2 Nf6 6. Nbc3 O-O 7. O-O d6 8. h3
e6 9. e4 d5 10. d3 d4 11. Nb1 Ne8 12. Nd2 e5 13. f4 Nd6 14. Nb3 Qe7 15. fxe5
Nxe5 16. Nf4 b6 17. a4 Bb7 18. a5 b5 19. cxb5 Nxb5 20. a6 Bc6 21. Na5 Qc7 22.
Qc2 Qb6 23. Nxc6 Qxc6 24. Bd2 c4 25. Rfc1 Rac8 26. Kh1 Nd6 27. Nd5 Rfe8 28.
dxc4 Ndxc4 29. b3 d3 30. Qa2 Qd7 31. bxc4 Nf3 32. Bc3 d2 33. Rc2 Rxe4 34. Rxd2
Nxd2 35. Qxd2 Rexc4 36. Nf6+ Bxf6 37. Qxd7 Rxc3 38. Rf1 Be5 39. Qxf7+ Kh8 40.
Qe7 1-0

[Event "Sportsko leto 2013"]
[Site "Paracin, hotel "]
[Date "2013.07.11"]
[Round "8.28"]
[White "Ilic, Zoran S"]
[Black "Jovanovic, Bojan P"]
[Result "0-1"]
[WhiteElo "2291"]
[BlackElo "2203"]
[PlyCount "110"]
[EventDate "2013.07.05"]

1. d4 f5 2. Nf3 Nf6 3. g3 g6 4. Bg2 Bg7 5. b3 d6 6. Bb2 O-O 7. O-O Qe8 8. c4 h6
9. Nbd2 g5 10. Qc2 Qh5 11. e4 fxe4 12. Nxe4 Na6 13. Rfe1 Nb4 14. Qc3 Nxe4 15.
Rxe4 Nc6 16. Re3 g4 17. Nh4 Bxd4 18. Qd2 Bxb2 19. Qxb2 e5 20. Bd5+ Kg7 21. c5
Qe8 22. cxd6 cxd6 23. Rd1 Rf6 24. Be4 Qf7 25. Bd5 Qe7 26. Qb1 Be6 27. Qe4 Qd7
28. Rc1 Bxd5 29. Qxd5 Qf7 30. Qd2 Rf8 31. Rf1 Nd4 32. Rc3 Kg8 33. Qe3 Kg7 34.
Rc4 b5 35. Rxd4 exd4 36. Qxd4 h5 37. Ng2 Kg8 38. Nf4 h4 39. Nd5 Rg6 40. Re1 Rg5
41. Nf4 h3 42. Qxd6 Qb7 43. Re7 Qc8 44. Rc7 Qf5 45. Qd2 Qe4 46. Nxh3 Rd5 47.
Ng5 Qb1+ 48. Rc1 Rxd2 49. Rxb1 Rfxf2 50. Ne4 Rg2+ 51. Kf1 Rxa2 52. Nf6+ Kf7 53.
Nxg4 Rgb2 54. Re1 Rxb3 55. Ne3 Rab2 0-1

[Event "Sportsko leto 2013"]
[Site "Paracin, hotel "]
[Date "2013.07.11"]
[Round "8.29"]
[White "Secheres, Adrian-Simion"]
[Black "Sorgic, Dragan"]
[Result "1/2-1/2"]
[WhiteElo "2143"]
[BlackElo "2265"]
[PlyCount "61"]
[EventDate "2013.07.05"]

1. d4 Nf6 2. c4 g6 3. Nc3 Bg7 4. e4 d6 5. Be2 O-O 6. Bg5 Nbd7 7. Qd2 e5 8. d5
a5 9. O-O-O Nc5 10. f3 a4 11. g4 a3 12. b3 c6 13. Kb1 Qa5 14. h4 h6 15. Be3 h5
16. g5 Nfd7 17. Nh3 Na6 18. Nf2 Re8 19. Ka1 Ndc5 20. Rb1 Nb4 21. Rhc1 Rd8 22.
Qe1 Nca6 23. Bd2 Bd7 24. Ncd1 Rac8 25. Nd3 c5 26. Ne3 Qb6 27. Nc2 Nxc2+ 28.
Rxc2 Qc7 29. Qc1 b5 30. Qxa3 b4 31. Qc1 1/2-1/2